omori - Statistics

General Stats
  • This quiz has been taken 227 times
  • The average score is 13 of 15
Answer Stats
Question Answer % Correct
which pair of characters were going to dye their hair together? aubrey, mari
100%
which character consistently dies in black space? basil
100%
what is space ex-boyfriend's occupation? space pirate captain
95%
what type of clothing does basil live in? shoe
93%
what type of food is sweetheart? donut
91%
what christmas present did everyone buy for sunny? violin
91%
what is hero doing for college? medical school
89%
omor omor
89%
what name is omori called when some of the NPC's speak to him? dreamer
87%
what is the name of the sprout mole who is "sweetheart's #1 fan"? rosa
87%
what was kels name originally going to be? kelsey
80%
which of these are one of the names of the slime girls? molly
80%
how do you get the secret ending? water basil's plants
79%
what day did omori release? december 25th
67%
who is abbi? the octopus emerging from the ground
63%
No matching quizzes found
Score Distribution
Percent of People with Each Score
Percentile by Number Answered
Your Score History
You have not taken this quiz